1318 1063 1531 1816 1283 1176 1438 1876 1942 1820 1115 1862 1037 1108 1615 1476 1849 1088 1791 1976 1684 1172 1872 1758 1111 1264 1699 1594 1631 1099 1256 1179 1114 1485 1172 1979 1613 1979 1200 1297 1312 1537 1687 1748 1835 1564 1421 1196 1011 1441 1142 1040 1570 1239 1754 1081 1098 1077 1750 1103 1672 1675 1410 1630 1553 1606 1489 1449 1665 1830 1224 1485 1529 1108 1388 1863 1879 1154 1408 1711 1855 1655 1963 1403 1792 1045 1144 1338 1093 1953 1657 1542 1352 1825 1481 1721 1852 1679 1480 BCNSPRNW ULIB Ver.6.0+V

เปลี่ยนเป็นภาษาไทย

Change to English
 แสดงรายละเอียดบรรณานุกรม
  กลับหน้าหลัก

Brief Record : Get Marc (ISO 2709) : E-mail record : QR code < ปิดหน้าต่าง
LEADER : 00000nam 2200000uu 4500
001    13399114724
003     ULIB
008    120503s2552||||th 000 0 tha d
020    ^a9786117183287
060 04 ^aWA30^bน722ค
245 00 ^aคุณภาพชีวิตด้านสุขภาพ :^bการประเมินและการนำไปใช้ /^cนุจรีประทีปะวณิช จอห์นส, บรรณาธิการ
250    ^aพิมพ์ครั้งที่ 1
260    ^aขอนแก่น :^bคณะเภสัชศาสตร์ มหาวิทยาลัยขอนแก่น,^c2552
300    ^a261 หน้า ;^bภาพประกอบ ;^c27 ซม.
536    ^aได้รับทุนสนับสนุนการผลิตตำรา มหาวิทยาลัยขอนแก่น พ.ศ. 2550 ลำดับที่ 5
650  7 ^aคุณภาพชีวิต^xแง่อนามัย^xการประเมิน
650  7 ^aคุณภาพชีวิต^xแง่อนามัย^xวิจัย
650  7 ^aสุขภาพ^xการประเมิน
650  7 ^aสุขภาพ^xวิจัย
700 0  ^aนุจรี ประทีปะวณิช จอห์นส,^eบรรณาธิการ
710 2  ^aมหาวิทยาลัยขอนแก่น. ^bคณะเภสัชศาสตร์.
945    ^p350^l0^i18996
945    ^p350^l0^i18997
995    ^a เกษร
999    ^aใช้งานได้ทุกระบบ
รายการนี้ยังไม่มีแท็ก
คุณยังไม่ได้ล็อกอิน คุณสามารถมีกิจกรรมร่วมกับเว็บไซต์ได้ แต่ต้องล็อกอินก่อน ::
  ล็อกอิน

รายการสื่อสารสนเทศ

ลำดับที่ ประเภท เลขเรียก/บาร์โค้ด สถานที่ สถานะ
- ไม่พบข้อมูล -

รายการใกล้เคียง
    หัวเรื่อง [สุขภาพ การประเมิน]

BibComment


ยังไม่เคยถูกคอมเมนท์

คอมเมนท์ทรัพยากรรายการนี้
  คอมเมนท์: คุณภาพชีวิตด้านส..


 Copyright 2026. Bcnsprnw @Library